书目信息 |
| 题名: |
趣味代数学
|
|
| 作者: | 别莱利曼 著 ;丁寿田、朱美琨 译 | |
| 分册: | ||
| 出版信息: | 北京 中国青年出版社 1980 |
|
| 页数: | 202页 | |
| 开本: | 20cm | |
| 丛书名: | ||
| 单 册: | ||
| 中图分类: | O1 | |
| 科图分类: | ||
| 主题词: | 数学 | |
| 电子资源: | ||
| ISBN: | ||
| 000 | 00616nam0 2200205 450 | |
| 001 | 0732828906 | |
| 005 | 20070903090708.90 | |
| 010 | @d¥0.47 | |
| 100 | @a20070903d km y0chiy0120 ea | |
| 101 | 0 | @achi |
| 200 | 1 | @a趣味代数学@Aqu wei dai shu xue@f别莱利曼著@Fbie lai li man zhu@g丁寿田、朱美琨译@Gding shou tian、zhu mei kun yi |
| 205 | @a3版 | |
| 210 | @a北京@c中国青年出版社@d1980 | |
| 215 | @a202页@d20cm | |
| 606 | 0 | @a数学 |
| 690 | @aO1@v3 | |
| 701 | 0 | @a别莱利曼@Abie lai li man@4著 |
| 702 | 0 | @a丁寿田、朱美琨@Ading shou tian、zhu mei kun@4译 |
| 801 | 0 | @aCN@bPFT@c20070903 |
| 905 | @a213230@dO1@eS28@f1 | |
| 趣味代数学/别莱利曼著/丁寿田、朱美琨译.-3版.-北京:中国青年出版社,1980 |
| 202页;20cm |
| ISBN :¥0.47 |
| ● |
| 相关链接 |
|
|
|
|
正题名:趣味代数学
索取号:O1/S28
 
预约/预借
| 序号 | 登录号 | 条形码 | 馆藏地/架位号 | 状态 | 备注 |
| 1 | 6700020 | 267000201 | 密集书库-数信学院/ [索取号:O1/S28] | 在馆 |